Cinema argentino contemporaneo e l'opera di Leonardo Favio (Il) (Record no. 77382)

MARC details
000 -LEADER
fixed length control field 02177nam a2200313Ia 4500
001 - CONTROL NUMBER
control field K0545
003 - CONTROL NUMBER IDENTIFIER
control field IT-RoPAU
008 - FIXED-LENGTH DATA ELEMENTS--GENERAL INFORMATION
fixed length control field 130308s9999 xx 000 0 und d
040 ## - CATALOGING SOURCE
Original cataloging agency IT-RoPAU
040 ## - CATALOGING SOURCE
Transcribing agency IT-RoPAU
041 ## - LANGUAGE CODE
Language code of text/sound track or separate title ITALIANO
100 ## - MAIN ENTRY--PERSONAL NAME
Personal name Armocida Pedro
100 ## - MAIN ENTRY--PERSONAL NAME
Miscellaneous information Codice Aut. SPICS: 54513
245 ## - TITLE STATEMENT
Title Cinema argentino contemporaneo e l'opera di Leonardo Favio (Il)
245 ## - TITLE STATEMENT
Remainder of title Cinema Argentino Contemporaneo e L'Opera di Leonardo Favio (Il)
250 ## - EDITION STATEMENT
Edition statement 1a ed.
260 ## - PUBLICATION, DISTRIBUTION, ETC. (IMPRINT)
Place of publication, distribution, etc. VENEZIA
260 ## - PUBLICATION, DISTRIBUTION, ETC. (IMPRINT)
Name of publisher, distributor, etc. Marsilio
260 ## - PUBLICATION, DISTRIBUTION, ETC. (IMPRINT)
Date of publication, distribution, etc. 2006 [1° Ed.:2006 - Ed.Ling.Originale:2006]
300 ## - PHYSICAL DESCRIPTION
Extent "222 p. (prefazione: no ; testo: 222 [pagine: 0-0])"
500 ## - GENERAL NOTE
General note "Tra Amore e Paura Argentina nella Palude Neoliberista di M.A.Tozzini. Novità nel Sistema di Produzione un Cinema a misura Dello Stato Nuova legge del '95 Rapporti con Televisione di A.A. Marion. Realisti e Non Realisti registi Argentini Anni Novanta di S. Schwarzbock. Stile e Scrittura nel Cinema Argentino Anni '90 di S. Wolf. Due Modalità Documentario Argentino Anni '90 di E. Bernini. commedia e Cinema commerciale di P. Scholz. Nascere e Ri Nascere un Decennio di Animazione Argentina di R. Manrupe. Nuovi Attori e Modelli classici di G. Noriega. Critica Cinematografica in Argentina di D. Oubina. tra vecchio e Nuovo Cinema Politico in Argentina di O. Getino. Italiani in Argentina di G. Ottone. Cinema di Leonardo Favio: Parola di cantastorie Conversazione con L. Favio di D. Dottorini; resistenza e Pietà di D. Oubina; Alla Ricerca del Popolo Juan Moreira di L. Favio a cura di G. Aguilar; L. Favio Simplemente una Vida di D. Dottorini; Filmografia Commentata a cura di D. Dottorini. Strumenti: principali registi Nuovo Cinema Argentino Dizionario Possibile di F.M. Pena; Bibliografia Essenziale di D. Dottorini; profilo Autori. "
650 ## - SUBJECT ADDED ENTRY--TOPICAL TERM
Topical term or geographic name as entry element STORIA DEL CINEMA
650 ## - SUBJECT ADDED ENTRY--TOPICAL TERM
Relator term Codice materia Spics: 6808
700 ## - ADDED ENTRY--PERSONAL NAME
Personal name Dottorini DanieleAA.VV.
700 ## - ADDED ENTRY--PERSONAL NAME
Miscellaneous information Codice Aut. SPICS: 40866Codice Aut. SPICS: 12000
942 ## - ADDED ENTRY ELEMENTS (KOHA)
Koha item type LIBRO
957 ## -
-- 1
999 ## - SYSTEM CONTROL NUMBERS (KOHA)
-- 1
Holdings
Withdrawn status Lost status Damaged status Not for loan Home library Current library Date acquired Total Checkouts Full call number Date last seen Price effective from Koha item type Public note
    Buone Condizioni Not For Loan SPICS-MEDIATECA SPICS-MEDIATECA 08/03/2013   K0545 08/03/2013 08/03/2013 LIBRO Progressivo inserimento: 36735 / N. Volumi: 1 Copie: 1 / data import: 1 marzo 2013 - By Epidotti, Trombetti, Vaglietti.
CREDITS: SOCIETA' SAN PAOLO Via A.Severo, 58 - ROMA (RM) & PERIODICI SAN PAOLO SRL Via Giotto, 36 MILANO & CISF Via Giotto, 36 MILANO & EDIZIONI SAN PAOLO SRL,  Piazza Soncino, 5 CINISELLO BALSAMO (MI) -- ITALY